| 000 | 00767nam a2200265 a 4500 | ||
|---|---|---|---|
| 001 | 53001 | ||
| 003 | BD-RjUL | ||
| 005 | 20211209075907.0 | ||
| 008 | 161002s2007 enka|||| |||| 001 0 eng d | ||
| 020 | _a0340662417 | ||
| 020 | _a9780340662410 | ||
| 035 | _a(BD-RjUL)53121 | ||
| 040 |
_aBD-RjUL _beng _cBD-RjUL |
||
| 041 | _aeng | ||
| 082 |
_219 _a599.9350727 _bSHS 2007 |
||
| 100 |
_a Sham, Pak _9158425 |
||
| 245 |
_aStatistics in human genetics / _cPak Sham |
||
| 260 |
_aLondon : _bArnold, _cc1998 [reprint 2007] |
||
| 300 |
_avii, 290 p. : _bill. ; _c22 cm. |
||
| 490 | _aArnold applications of statistics series. | ||
| 500 | _aIncludes index | ||
| 650 |
_a Human genetics _xStatistical methods. _9158426 |
||
| 650 |
_aGenetics. _9158427 |
||
| 942 |
_2ddc _cBK |
||
| 999 |
_c53001 _d53001 |
||